|
|
|
|
| LEADER |
00973nam a2200313 4500 |
| 001 |
DLU090095594 |
| 005 |
##20091201 |
| 040 |
# |
# |
|a DLU
|b eng
|
| 041 |
# |
# |
|a eng
|
| 044 |
# |
# |
|a us
|
| 100 |
# |
# |
|a Kim, Il-seok.
|
| 245 |
# |
# |
|a Hydrazide sol-gel synthesis of nanostructured titanium nitride : Precursor chemistry and phase evolution /
|c Il-seok Kim, Prashant N. Kumta.
|
| 653 |
# |
# |
|a Infrared spectrometry
|
| 653 |
# |
# |
|a Precursor
|
| 653 |
# |
# |
|a Sol gel process
|
| 653 |
# |
# |
|a Transition metal
|
| 653 |
# |
# |
|a Transmission electron microscopy
|
| 653 |
# |
# |
|a X ray diffraction
|
| 700 |
# |
# |
|a Kumta, Prashant N.
|
| 773 |
# |
# |
|t Journal of Materials Chemistry
|g Vol. 13, no. 8 (2003), p. 2028-
|
| 920 |
# |
# |
|a Phòng Tạp chí -- Trung tâm Thông tin - Thư viện Trường Đại học Đà Lạt
|
| 994 |
# |
# |
|a DLU
|
| 900 |
# |
# |
|a True
|
| 911 |
# |
# |
|a Trương Bảo Trâm Anh
|
| 925 |
# |
# |
|a G
|
| 926 |
# |
# |
|a A
|
| 927 |
# |
# |
|a BB
|
| 980 |
# |
# |
|a Thư viện Trường Đại học Đà Lạt
|